000 00660nam a2200265Ia 4500
003 OSt
005 20220912151456.0
006 a|||||r|||| 00| 0
007 ta
008 220909b |||||||| |||| 00| 0 eng d
024 _a46513
037 _cTextual
040 _aCSL
_beng
_cCSL
041 _aeng
082 _aE:235, L8-;1
100 _aVoyutsky S
245 0 _aColloid chemistry
260 _aMoscow
_bMIR Publishers
_c1978
300 _a560p.
_ccm.
500 _aBibliography 332-334p
650 _a Colloid Chemistry
650 _aChemistry
942 _hE:235, L8-;1
_cTEXL
_2CC
999 _c69346
_d69346